000 00347nam a2200145 i 4500
001 bg
100 1 _aKOREŃSKA, Z.
245 0 _aStruktury algebraiczne z geometrią /
_cZ. Koreńska, J. Weiss.
260 _aKraków,
_c1976.
700 1 _aWEISS, J.
040 _cBPK
041 _apol
942 _cKS
008 s pl f |000 0 pol
999 _c1036
_d1036
856 _uhttp://koha.tu.koszalin.pl/cgi-bin/koha/opac-detail.pl?biblionumber=1036
_yKatalog online BPK